000 01246cam a22003014a 4500
008 031017s2004 ilu b 001 0 eng
010 _a 2003022959
020 _a0829419861 (pbk.)
040 _aDLC
_cDLC
_dDLC
050 0 0 _aBX2350
_b.M663 2004
082 0 0 _a255/.53
_222
092 0 4 _a278.69
_bM6926
_221
099 _a04
_a278.69 M6926
100 1 _aModras, Ronald E.
245 1 0 _aIgnatian humanism :
_ba dynamic spirituality for the 21st century /
_cRonald Modras.
260 _aChicago :
_bLoyola Press,
_cc2004.
300 _axxi, 346 p. ;
_c23 cm.
504 _aIncludes bibliographical references and index.
505 0 _aIgnatian spirituality -- The renaissance origins of Ignatian humanism -- Matteo Ricci -- Friedrich Spee -- Pierre Teilhard de Chardin -- Karl Rahner -- Pedro Arrupe -- A spirituality for the twenty-first century.
600 0 0 _aIgnatius,
_cof Loyola, Saint,
_d1491-1556.
_tExercitia spiritualia.
650 0 _aSpirituality
_xCatholic Church.
856 4 1 _3Table of contents
_uhttp://www.loc.gov/catdir/toc/ecip0410/2003022959.html
902 _a1
905 _aGehan
_eRev.
905 _aJihan
_eCat.
942 _2ddc
_cBK
999 _c114956
_d114956